000 00480nam a22001697a 4500
003 NUST - PNEC
005 20170116180836.0
008 150805b xxu||||| |||| 00| 0 eng d
020 _a8121912237
040 _cLIBRARY
082 _a530 AVA
100 _94951
_aAvadhanulu, M.N.
245 _aExperiments in engineering physics : (a laboratory manual and workbook with viva voce)
_cM.N. Avadhanulu
260 _cc.2003
650 _94954
_aPhysics
_xME / MIS
942 _2ddc
_cBK
999 _c64204
_d64204